01244nam a2200289 a 450000100100000000500170001000800410002704000250006808200190009310000440011224000500015624501200020624600250032626000430035130000210039449000320041553400620044765000260050965000300053570000350056574000250060070000350062583000400066095201220070095201170082299900150093900000468220200929151459.0721010s1968 sp 000 f spa  aDO-SdBNPbspacBNPHU a843.914bM454r1 aMauriac, François,d1885-1970.91363613aLe fleuve de feu: les anges noirslEspañol.13aEl río de fuego :blos ángeles negros /cFrançois Mauriac ; traducciones, José Sánchez, León Rozitcher.13alos ángeles negros aBarcelona :bEditorial Planeta,c1968. a263 p. ;c18 cm.1 aLos clásicos del siglo xx aTítulos originales:tLe fleuve de feu: les anges noirs. 4aNovela francesa91075 4aLiteratura francesa910741 aSánchez, José,etr.91363744alos ángeles negros1 aRozitcher, León,etr.913638 0aLos clásicos del siglo xx.913639 001052708MOaGRbGRcCTd2009-07-24iLF1l0o843.914 M454rp4682-10r2020-06-25w2020-06-25y2ZPréstamo interno 0010507-18MOaPDbPDcOId2017-03-29iLF1l0o843.914 M454rp4682-20r2020-06-25w2020-06-25y1ZNo se presta c4488d4488